Online
Catalog

Estrategias de captación de la voluntad popular en las elecciones de 2004 / (Record no. 3317)

MARC details
000 -CABECERA
campo de control de longitud fija 01374nam a2200337 a 4500
001 - NÚMERO DE CONTROL
campo de control 000003489
005 - FECHA Y HORA DE LA ÚLTIMA TRANSACCIÓN
campo de control 20260321073638.0
008 - DATOS DE LONGITUD FIJA--INFORMACIÓN GENERAL
campo de control de longitud fija 090709s2006 dr 001 0 spa d
040 ## - FUENTE DE LA CATALOGACIÓN
Centro catalogador/agencia de origen DO-SdBNP
Lengua de catalogación spa
Centro/agencia transcriptor BNPHU
082 ## - NÚMERO DE LA CLASIFICACIÓN DECIMAL DEWEY
Número de clasificación 808.53
Número de documento/Ítem M433es
100 1# - ENTRADA PRINCIPAL--NOMBRE DE PERSONA
Nombre de persona Matos Moquete, Manuel,
Fechas asociadas al nombre 1944-
9 (RLIN) 6349
245 10 - MENCIÓN DE TÍTULO
Título Estrategias de captación de la voluntad popular en las elecciones de 2004 /
Mención de responsabilidad, etc. Manuel Matos Moquete ; edición Amado Alexis Santana Chalas.
260 ## - PUBLICACIÓN, DISTRIBUCIÓN, ETC.
Lugar de publicación, distribución, etc. Santo Domingo :
Nombre del editor, distribuidor, etc. Editora Nacional,
Fecha de publicación, distribución, etc. 2006.
300 ## - DESCRIPCIÓN FÍSICA
Extensión 308 p. : ;
Dimensiones 23 cm.
490 1# - MENCIÓN DE SERIE
Mención de serie Premios Nacionales
500 ## - NOTA GENERAL
Nota general Incluye referencias bibliográficas y notas al pie de las páginas.
504 ## - NOTA DE BIBLIOGRAFÍA, ETC.
Nota de bibliografía, etc. Bibliografía: p. 297-304.
586 ## - NOTA DE PREMIOS
Nota de premios Premio Nacional de Ensayo Pedro Henríquez Ureña, modalidad ensayo sociopolítico, 2006.
590 ## - NOTA LOCAL (RLIN)
Nota local Inventariado, 2018/ YL
600 10 - PUNTO DE ACCESO ADICIONAL DE MATERIA--NOMBRE DE PERSONA
Nombre de persona Fernández, Leonel,
Fechas asociadas al nombre 1953-
9 (RLIN) 7291
600 14 - PUNTO DE ACCESO ADICIONAL DE MATERIA--NOMBRE DE PERSONA
Nombre de persona ESTRELLA, EDUARDO,
Fechas asociadas al nombre 1953-
9 (RLIN) 10034
600 10 - PUNTO DE ACCESO ADICIONAL DE MATERIA--NOMBRE DE PERSONA
Nombre de persona Mejía, Hipólito,
Fechas asociadas al nombre 1941-
9 (RLIN) 78920
600 10 - PUNTO DE ACCESO ADICIONAL DE MATERIA--NOMBRE DE PERSONA
Nombre de persona Bosch, Juan,
Fechas asociadas al nombre 1909-2001
9 (RLIN) 76555
650 #4 - PUNTO DE ACCESO ADICIONAL DE MATERIA--TÉRMINO DE MATERIA
Término de materia o nombre geográfico como elemento de entrada Oratoría política
9 (RLIN) 10035
650 #4 - PUNTO DE ACCESO ADICIONAL DE MATERIA--TÉRMINO DE MATERIA
Término de materia o nombre geográfico como elemento de entrada Análisis linguístico
9 (RLIN) 10036
650 #4 - PUNTO DE ACCESO ADICIONAL DE MATERIA--TÉRMINO DE MATERIA
Término de materia o nombre geográfico como elemento de entrada Campaña electoral
Subdivisión geográfica República Dominicana
9 (RLIN) 3002
650 #0 - PUNTO DE ACCESO ADICIONAL DE MATERIA--TÉRMINO DE MATERIA
Término de materia o nombre geográfico como elemento de entrada Discursos políticos
9 (RLIN) 10037
700 1# - PUNTO DE ACCESO ADICIONAL--NOMBRE DE PERSONA
Nombre de persona Santana Chalas, Amado Alexis,
Término indicativo de función/relación ed.
9 (RLIN) 854
830 #0 - PUNTO DE ACCESO ADICIONAL DE SERIE-TÍTULO UNIFORME
Título uniforme Premios Nacionales
9 (RLIN) 718
910 ## - DATOS DE OPCIÓN DEL USUARIO (OCLC)
Datos de opción del usuario Validado. Control de calidad MMOLINA
Holdings
Estado de retiro Estado de pérdida Restricciones de uso No para préstamo Código de colección Localización permanente Ubicación/localización actual Ubicación en estantería Fecha de adquisición Número de inventario Total de préstamos Signatura topográfica completa Código de barras Fecha visto por última vez Número de copia Precio válido a partir de Tipo de ítem Koha
        Dominicana de Servicio General General Depósito 02.11.2011 LF1   808.53 M433es 3489-170 25.06.2020 e. 3 25.06.2020 Libro y Folleto Colección Dominicana de Servicio
        Dominicana de Servicio General General Depósito 06.02.2012 LF1   808.53 M433es 3489-180 25.06.2020 e. 4 25.06.2020 Libro y Folleto Colección Dominicana de Servicio
        Dominicana de Servicio General General Depósito 06.02.2012 LF1   808.53 M433es 3489-190 25.06.2020 e. 5 25.06.2020 Libro y Folleto Colección Dominicana de Servicio
      Excluido de préstamo Patrimonio Dominicano Patrimonio Dominicano Patrimonio Dominicano Depósito 25.02.2011 LF1   808.53 M433es 3489-160 25.06.2020 e. 2 25.06.2020 Libro y Folleto Colección Patrimonio Dominicano
      Excluido de préstamo Patrimonio Dominicano Patrimonio Dominicano Patrimonio Dominicano Depósito 17.07.2009 LF1   808.53 M433es 3489-20 25.06.2020   25.06.2020 Libro y Folleto Colección Patrimonio Dominicano

Powered by Koha